00321nam a2200121Ia 4500008004100000041000800041082001200049100002000061245004500081260003500126300003100161365000700192240624s9999 xx 000 0 und d aeng a158 COV aCOVEY STEPHEN R a8TH HABIT FROM EFFECTIVENESS TO GREATNES c2004aLondonbSimon & Schuster axvi, : 409 : p. : cm. ; 25 cRS